00630nam a2200217Ia 450000500170000000800410001702000150005808200210007324500400009426000380013430000180017265000220019065000130021265000190022565000150024470000180025970000170027794200060029495200970030099900150039720250130000936.0240331s9999 xx 000 0 und d a0415090091 bKEI23449a304.2 0aPlaces and the Politics of Identity aLondonaNew YorkbRoutledgec1993 aviii, 235 p., aCultural Politics aIdentity aSocial Justice aPhilosophy aKeith, Meedt aPile, Seedt cL 001040708LaWERCLbWERCLcSSCd2024-03-31l0o 304.2 PLAp3449r2024-03-31w2024-03-31yL c1486d1486